The origins and early development of Shiʻa Islam / (Record no. 767)

000 -LEADER
fixed length control field 01400cam a2200265 a 4500
001 - CONTROL NUMBER
control field 12751061
003 - CONTROL NUMBER IDENTIFIER
control field OSt
005 - DATE AND TIME OF LATEST TRANSACTION
control field 20140116120837.0
008 - FIXED-LENGTH DATA ELEMENTS--GENERAL INFORMATION
fixed length control field 020423r20001979enk b 001 0 eng
020 ## - INTERNATIONAL STANDARD BOOK NUMBER
International Standard Book Number 9780195793871
040 ## - CATALOGING SOURCE
Transcribing agency UKM
050 00 - LIBRARY OF CONGRESS CALL NUMBER
Classification number BP192.4.J34 2000
100 1# - MAIN ENTRY--PERSONAL NAME
Personal name Jafri, S. Husain M.
245 14 - TITLE STATEMENT
Title The origins and early development of Shiʻa Islam /
Statement of responsibility, etc Syed Husain Mohammad Jafri.
260 ## - PUBLICATION, DISTRIBUTION, ETC. (IMPRINT)
Place of publication, distribution, etc Karachi :
Name of publisher, distributor, etc Oxford University Press,
Date of publication, distribution, etc 2000.
300 ## - PHYSICAL DESCRIPTION
Extent x, 332 p.
440 #4 - SERIES STATEMENT/ADDED ENTRY--TITLE
Title The Millennium (Series)
500 ## - GENERAL NOTE
General note Originally published: London : Longman, 1979.
504 ## - BIBLIOGRAPHY, ETC. NOTE
Bibliography, etc Includes bibliographical references and index.
505 8# - FORMATTED CONTENTS NOTE
Formatted contents note Machine generated contents note: Chapter 1 Conceptual Foundations -- Chapter 2 Saqifa: The First Manifestations -- Chapter 3 'All and the First Two Caliphs -- Chapter 4 The Re-emergence of the 'Alid Party -- Chapter 5 Kafa: Stage of ShI'f Activities -- Chapter 6 The Abdication of Hasan -- Chapter 7 The Martyrdom of lusayn -- Chapter 8 The Reaction after Karbala -- Chapter 9 The Struggle for Legitimacy -- Chapter 10 The Imamate of Ja'far as-S$diq -- Chapter 11 The Doctrine of the Imamate.
650 #0 - SUBJECT ADDED ENTRY--TOPICAL TERM
Topical term or geographic name as entry element Shīʻah
General subdivision History.
856 41 - ELECTRONIC LOCATION AND ACCESS
Materials specified Table of contents only
Uniform Resource Identifier <a href="http://www.loc.gov/catdir/toc/fy031/2002280217.html">http://www.loc.gov/catdir/toc/fy031/2002280217.html</a>
856 42 - ELECTRONIC LOCATION AND ACCESS
Materials specified Publisher description
Uniform Resource Identifier <a href="http://www.loc.gov/catdir/enhancements/fy0613/2002280217-d.html">http://www.loc.gov/catdir/enhancements/fy0613/2002280217-d.html</a>
942 ## - ADDED ENTRY ELEMENTS (KOHA)
Source of classification or shelving scheme
Koha item type Book
Holdings
Withdrawn status Lost status Source of classification or shelving scheme Damaged status Not for loan Home library Current library Date acquired Source of acquisition Total Checkouts Total Renewals Full call number Barcode Date last seen Date checked out Copy number Price effective from Koha item type
          Riara University Library Riara University Library 29/10/2011 Purchase 1 1 BP192.4.J34 2000 2996/11 29/09/2016 14/09/2016 C.1 29/10/2011 Book
          Riara University Library Riara University Library 29/10/2011 Purchase     BP192.4.J34 2000 2997/11 29/10/2011   C.2 29/10/2011 Book

Riara University Library,
P.O. Box 49940-00100,
Nairobi, Kenya.